| 000 | 00714cam a2200181 4500 | ||
|---|---|---|---|
| 001 | WB3529-22 | ||
| 008 | 000000n1999 000 0 eng u | ||
| 035 | _a(Sirsi) u102125 | ||
| 245 | _aLog book initiative comes to boil. | ||
| 260 | _c1999 | ||
| 490 |
_aBuilding Homes _v(08) August 1999, 10(1) |
||
| 520 | _aReports on the Benchmark scheme for gas installations, which sets out to identify 'rogue installers'. The log will initially focus on boilers and would include contact details for the installer and records of 10 services. It is seen as a possible precursor of a home log book scheme. | ||
| 650 | _aGAS INSTALLATION | ||
| 650 | _aSAFETY | ||
| 650 | _aBENCHMARK | ||
| 690 | _aHOUSING | ||
| 942 | _n0 | ||
| 999 |
_c61217 _d61217 |
||